Beauty and the dreaded sea beast : a graphic novel

Bibliographic Details
Main Author: Simonson, Louise (Author)
Other Authors: Frampton, Otis (Illustrator)
Format: Book
Published: North Mankato, Minnesota : Stone Arch Books 2020
Series:Far out fairy tales
Subjects:

MARC

LEADER 00000cam a2200000 7i4500
001 0000090737
005 20230129165057.0
008 230110 eng
020 |a 9781496583932 (  |q (hardcover)) 
020 |a 9781496583987 (  |q (ebook pdf)) 
020 |a 9781496584427 (  |q (paperback)) 
040 |e rda 
041 |a English 
090 0 0 |a AD   |b ENG 
100 1 |a Simonson, Louise ,   |e (author) 
245 1 0 |a Beauty and the dreaded sea beast :   |b a graphic novel   |c Louise Simonson 
264 1 |a North Mankato, Minnesota :   |b Stone Arch Books   |c 2020 
300 |a 33 pages :   |b color illustrations ;   |c 26 cm. 
336 |a text  |2 rdacontent 
337 |a unmediated  |2 rdamedia 
338 |a volume  |2 rdacarrier 
490 1 |a Far out fairy tales 
500 |a Children ages 10-12 years old (pink) 
541 |c Purchased on 2021   |f 32303 SSM   |h RM22.60 
650 0 |a Action and adventure comics 
650 0 |a Comic books, strips, etc. 
700 1 |a Frampton, Otis ,   |e (illustrator) 
730 0 |a Title 
999 |a 0001704324   |b Book   |c Children Collection   |e Perbadanan Perpustakaan Awam Johor 
999 |a 0001704325   |b Book   |c Children Collection   |e Perbadanan Perpustakaan Awam Johor 
999 |a 0001728637   |b Book   |c Children Collection   |e Cawangan Taman Universiti 
999 |a 0001728638   |b Book   |c Children Collection   |e Cawangan Taman Universiti